The crazy fabric : (Record no. 20464)
[ view plain ]
| 000 -LEADER | |
|---|---|
| fixed length control field | 00796cam a22002531 4500 |
| 001 - CONTROL NUMBER | |
| control field | 20464 |
| 003 - CONTROL NUMBER IDENTIFIER | |
| rucl marc code | BD-RjUL |
| 005 - DATE AND TIME OF LATEST TRANSACTION | |
| control field | 20211209000552.0 |
| 008 - FIXED-LENGTH DATA ELEMENTS--GENERAL INFORMATION | |
| fixed length control field | 140301r19661965enk b 001 0 eng |
| 035 ## - SYSTEM CONTROL NUMBER | |
| System control number | (BD-RjUL)20526 |
| 040 ## - CATALOGING SOURCE | |
| Original cataloging agency | DLC |
| Transcribing agency | DLC |
| Modifying agency | DLC |
| -- | BD-RjUL |
| Language of cataloging | eng |
| 041 ## - LANGUAGE CODE | |
| Language code of text/sound track or separate title | eng |
| 082 00 - DEWEY DECIMAL CLASSIFICATION NUMBER | |
| Classification number | 820.9 |
| Author mark and year | DYC 1966 |
| 100 1# - MAIN ENTRY--PERSONAL NAME | |
| Personal name | Dyson, A. E. |
| 9 (RLIN) | 55665 |
| 245 14 - TITLE STATEMENT | |
| Title | The crazy fabric : |
| Remainder of title | essays in irony / |
| Statement of responsibility, etc. | by A. E. Dyson. |
| 260 ## - PUBLICATION, DISTRIBUTION, ETC. (IMPRINT) | |
| Place of publication, distribution, etc. | London ; |
| Name of publisher, distributor, etc. | Macmillan ; |
| Place of publication, distribution, etc. | New York : |
| Name of publisher, distributor, etc. | St. Martin's Press, |
| Date of publication, distribution, etc. | 1965 [reprinted 1966]. |
| 300 ## - PHYSICAL DESCRIPTION | |
| Pagination | xiv, 233 p. ; |
| Size | 23 cm. |
| 504 ## - BIBLIOGRAPHY, ETC. NOTE | |
| Bibliography, etc | includes Bibliographical reference and index. |
| 650 #0 - SUBJECT ADDED ENTRY--TOPICAL TERM | |
| Topical term or geographic name as entry element | Satire, English |
| General subdivision | History and criticism. |
| 9 (RLIN) | 63106 |
| Topical term or geographic name as entry element | Irony in literature. |
| 9 (RLIN) | 54198 |
| 942 ## - ADDED ENTRY ELEMENTS (KOHA) | |
| Source of classification or shelving scheme | Dewey Decimal Classification |
| Koha item type | Books |
| Lost status | Source of classification or shelving scheme | Damaged status | Not for loan | Collection code | Permanent Location | Current Location | Shelving location | Date acquired | Source of acquisition | Cost, normal purchase price | Total Checkouts | Full call number | Date last seen | Copy number | Koha item type |
|---|---|---|---|---|---|---|---|---|---|---|---|---|---|---|---|
| Dewey Decimal Classification | Added to bundle | Fiction | Central Library, University of Rajshahi | Central Library, University of Rajshahi | Reading Room | 21/08/1970 | Zeitlinger | 21.00 | 820.9 DYC 1966 | 01/03/2014 | C-1 | Books |